00358nam a2200085Ia 4500008004100000245011000041260000900151300008800160650002400248180130s9999 xx 000 0 und d cWagner, Claudia; Singer, Philipp; Strohmaier, MarkusaThe nature and evolution of online food preferences c2016 aBook title: Knowledge discovery in databases--Acession number C20553; pages 228-249 aKNOWLEDGE DISCOVERY